MARC

LEADER 00000nam0a2200000 4500
001 128304
005 20231031132659.0
035 |a (RuTPU)RU\TPU\book\138780 
090 |a 128304 
100 |a 20071225d1948 km y0rusy50 ca 
101 0 |a rus 
102 |a RU 
105 |a a z 001zy 
200 1 |a Физика теплообмена в почве  |f А. Ф. Чудновский 
210 |a Ленинград  |a Москва  |c ОГИЗ  |d 1948 
215 |a 214 с.  |c ил. 
320 |a Библиогр.: с. 215-220. 
610 1 |a почва 
610 1 |a энергетика 
610 1 |a теплообмен 
610 1 |a тепло 
610 1 |a баланс 
610 1 |a значение 
610 1 |a геофизические задачи 
610 1 |a агрофизические задачи 
610 1 |a термический режим 
610 1 |a изучение 
610 1 |a закономерности 
610 1 |a верхний слой 
675 |a 551.525  |v 3 
675 |a 631.4  |v 3 
700 1 |a Чудновский  |b А. Ф. 
801 1 |a RU  |b 63413507  |c 20071225  |g PSBO 
801 2 |a RU  |b 63413507  |c 20150205  |g PSBO 
942 |c BK